[Event "British Chess Championships 2023: First Rapidplay U1750"]
[Site "De Montfort University, 20 Western Boulevard, Leicester, LE2 7BU"]
[Date "2023.07.21"]
[Round "2"]
[Board "9"]
[White "Halford-Maw, Oliver"]
[Black "Szwajkun, Richard"]
[Result "1-0"]
[WhiteElo "1498"]
[BlackElo "1747"]
[PlyCount "0"]
[EventDate "2023.07.21"]
[EventRounds "7"]
[EventCountry "ENG"]

1. e4 d5 2. exd5 Qxd5 3. Nc3 Qa5 4. Nf3 Bg4 5. d4 Nf6 6. Bd2 c6 7. Be2 Qc7 8. O-O
e6 9. Ne5 Bxe2 10. Qxe2 Be7 11. Rfe1 O-O 12. Rad1 Nbd7 13. Bg5 Nxe5 14. dxe5 Nd5
15. Nxd5 cxd5 16. Bxe7 Qxe7 17. c4 dxc4 18. Qxc4 Rac8 19. Qa4 Qc5 20. Qd7 Rc7 21.
Qd6 Qc4 22. b3 Qc3 23. h3 h6 24. Qa3 Qc5 25. Qxc5 Rxc5 26. Rd7 Rb5 27. Rc1 a5 28.
Rcc7 Rxe5 29. Rxb7 Re1+ 30. Kh2 Re2 31. Kg3 Rxa2 32. Ra7 Rb2 33. Rdb7 a4 34. bxa4
Rxb7 35. Rxb7 Ra8 36. Rb4 Kf8 37. Kf4 f6 38. Ke4 Ra5 39. Kd4 Ke7 40. Kc4 Kd6 41.
Rb6+ Ke5 42. Kb4 Ra7 43. Kb5 Kd5 44. Ra6 Rb7+ 45. Rb6 Ra7 46. Ra6 Rc7 47. Kb6 Rc6+
48. Kb7 Rc5 49. a5 Rb5+ 50. Kc7 f5 51. Rd6+ Ke5 52. a6 Ra5 53. Rb6 Rd5 54. a7 Rc5+
55. Kb8 Ra5 56. a8=Q Rxa8+ 57. Kxa8 Kd5  1-0

[Event "British Chess Championships 2023: First Rapidplay U1750"]
[Site "De Montfort University, 20 Western Boulevard, Leicester, LE2 7BU"]
[Date "2023.07.21"]
[Round "2"]
[Board "10"]
[White "Edgar, Barry"]
[Black "Karia, Kamlesh"]
[Result "1/2-1/2"]
[WhiteElo "1696"]
[BlackElo "1543"]
[PlyCount "0"]
[EventDate "2023.07.21"]
[EventRounds "7"]
[EventCountry "ENG"]

1. d4 Nf6 2. Bf4 g6 3. Nc3 Bg7 4. e4 d6 5. Qd2 Nbd7 6. O-O-O a6 7. f3 b5 8. h4 h5
9. Kb1 c5 10. d5 Nb6 11. Nh3 Bxh3 12. Rxh3 b4 13. Ne2 a5 14. Nc1 c4 15. Qe3 Nfd7
16. Be2 a4 17. g4 Qc8 18. gxh5 b3 19. c3 a3 20. Rd2 Qa6 21. hxg6 fxg6 22. Qg1 Kd8
23. Qxg6 Bxc3 24. bxc3 Na4 25. Qg7 bxa2+ 26. Kxa2 Kc7 27. Bd1 Qb6 28. Bxa4 Rxa4 29.
Qxh8 Nc5 30. Qd4 Qa5 31. e5 Nb3 32. Qe3 Nxc1+ 33. Ka1 Nb3+ 34. Ka2 Nc1+  1/2-1/2

[Event "British Chess Championships 2023: First Rapidplay U1750"]
[Site "De Montfort University, 20 Western Boulevard, Leicester, LE2 7BU"]
[Date "2023.07.21"]
[Round "2"]
[Board "11"]
[White "Boztas, Lana"]
[Black "Harrison, Oliver"]
[Result "0-1"]
[WhiteElo "1486"]
[BlackElo "1648"]
[PlyCount "0"]
[EventDate "2023.07.21"]
[EventRounds "7"]
[EventCountry "ENG"]

1. c4 e5 2. Nc3 Nf6 3. d3 c6 4. g3 d5 5. cxd5 cxd5 6. Bg2 Be6 7. Nf3 d4 8. Ne4 Nxe4
9. dxe4 Nc6 10. O-O Be7 11. b3 O-O 12. Bb2 Rc8 13. Rc1 Qa5 14. a4 h6 15. Ne1 Qb4
16. Nd3 Qxb3 17. Qxb3 Bxb3 18. a5 Bf6 19. Rc5 a6 20. Rfc1 Ba4 21. f4 Be7 22. fxe5
Bxc5 23. Nxc5 Nxa5 24. Nxa4 Nb3 25. Rd1 b5 26. Nb6 Rc6 27. Nd5 Rc4 28. Bf3 a5 29.
Bg4 Rd8 30. Ne7+ Kf8 31. Nf5 h5 32. Bf3 g6 33. Nd6 Rc2 34. Bxd4 b4 35. Be3 a4 36.
Rd5 a3 37. Rb5 a2 38. Bd4 Nxd4 39. Ra5 Nxf3+ 40. exf3 Rc1+  0-1

[Event "British Chess Championships 2023: First Rapidplay U1750"]
[Site "De Montfort University, 20 Western Boulevard, Leicester, LE2 7BU"]
[Date "2023.07.21"]
[Round "2"]
[Board "12"]
[White "Al Dakl Alla, Humam"]
[Black "Munshi, Aryan"]
[Result "0-1"]
[WhiteElo "1464"]
[BlackElo "1643"]
[PlyCount "0"]
[EventDate "2023.07.21"]
[EventRounds "7"]
[EventCountry "ENG"]

1. d4 d5 2. Bf4 e6 3. Nf3 Nf6 4. e3 c5 5. c3 Nc6 6. Nbd2 Bd6 7. Bg3 Bxg3 8. hxg3
Qe7 9. Qc2 Bd7 10. Ne5 h6 11. Be2 Rc8 12. Qb3 b6 13. Nxd7 Nxd7 14. Nf3 c4 15. Qc2
Nf6 16. Bd1 b5 17. a3 a5 18. Qe2 Rb8 19. Bc2 e5 20. Rd1 e4 21. Ng1 b4 22. Ba4 Qd6
23. axb4 axb4 24. cxb4 Qxb4+ 25. Qd2 Qxa4 26. Nh3 Qb4 27. Qxb4 Nxb4 28. Rb1 Nd3+
29. Kd2 O-O 30. Rhf1 Rb3 31. Nf4 Nxf4 32. gxf4 Rfb8 33. Kc1 c3 34. Kc2 Rxb2+ 35.
Rxb2 cxb2 36. Rb1 Ng4 37. f3 Nxe3+ 38. Kd2 Nc4+ 39. Ke1 exf3 40. gxf3 Na3 41. Rd1
b1=Q 42. Rxb1 Rxb1+ 43. Kd2 Rb3 44. Ke2 Nc4 45. Kf2 h5 46. Kg3 g6 47. f5 g5 48. f6
Kh7 49. Kf2 h4 50. f4 g4 51. f5 h3 52. Ke2 h2 53. Kf2 h1=Q 54. Ke2 Qg2+ 55. Kd1 Qd2#
 0-1

[Event "British Chess Championships 2023: First Rapidplay U1750"]
[Site "De Montfort University, 20 Western Boulevard, Leicester, LE2 7BU"]
[Date "2023.07.21"]
[Round "2"]
[Board "13"]
[White "Riggs, Samuel"]
[Black "Godwin, Charles"]
[Result "0-1"]
[WhiteElo "1425"]
[BlackElo "1567"]
[PlyCount "0"]
[EventDate "2023.07.21"]
[EventRounds "7"]
[EventCountry "ENG"]

1. e4 c6 2. Nc3 d5 3. Nf3 Bg4 4. h3 Bh5 5. g4 Bg6 6. exd5 cxd5 7. Bb5+ Nc6 8. Ne5
Qd6 9. d4 a6 10. Bxc6+ bxc6 11. Bf4 Rc8 12. Qd2 Qd8 13. h4 h5 14. Nxg6 fxg6 15. g5
e6 16. O-O-O Bd6 17. Rhe1 Bxf4 18. Qxf4 Qd7 19. Na4 Qf7 20. Qe3 Ne7 21. Nc5 O-O 22.
Qxe6 Qxe6 23. Rxe6 Nf5 24. Rxg6 Nxh4 25. Re6 Nf3 26. Nxa6 Nxg5 27. Re5 Ne4 28. Rf1
h4 29. Nc5 Rxf2 30. Rxf2 Nxf2 31. Rh5 h3 32. Nd3 Rf8 33. Nxf2 Rxf2 34. Rxh3 Kf7 35.
b4 g5 36. a4 Kg6 37. a5 g4 38. Rg3 Kh5 39. a6 Kh4 40. Rg1 Rf8 41. Kb2 g3 42. a7 Ra8
43. Rh1+ Kg4 44. Ra1 g2 45. Kb3 Kf3 46. c4 Rxa7 47. Rxa7 g1=Q 48. Rf7 Ke2 49. cxd5
Qxd4 50. Re7+ Kd3 51. dxc6 Qd5+ 52. Ka4 Qxc6+ 53. b5 Qa8+ 54. Kb4 Qf8  0-1

[Event "British Chess Championships 2023: First Rapidplay U1750"]
[Site "De Montfort University, 20 Western Boulevard, Leicester, LE2 7BU"]
[Date "2023.07.21"]
[Round "3"]
[Board "1"]
[White "Mehrgan, Mehrsam"]
[Black "London, Nick J"]
[Result "1-0"]
[WhiteElo "1659"]
[BlackElo "1699"]
[PlyCount "0"]
[EventDate "2023.07.21"]
[EventRounds "7"]
[EventCountry "ENG"]

1. Nf3 Nf6 2. d4 c5 3. c3 d5 4. Bf4 Nc6 5. e3 Qb6 6. Bd3 Qxb2 7. Nbd2 Qxc3 8. Bb5
Qa5 9. Bxc6+ bxc6 10. O-O e6 11. Nb3 Qa3 12. dxc5 Bxc5 13. Qc2 Ne4 14. Rfc1 Bd7 15.
Nxc5 Nxc5 16. Bd6 f6 17. Bxc5 Qa6 18. Rab1 Kf7 19. h3 e5 20. a3 g6 21. Qa2 Rhb8 22.
Bd6 Rd8 23. Bb4 Be6 24. Qc2 Rac8 25. Qc5 Re8 26. Qd6 Qb7 27. Bc5 Qd7 28. Qxd7+ Bxd7
29. Rb7 Ke6 30. Rxa7 Rb8 31. Bb4 Rb5 32. Rc5 Reb8 33. Ra5 h5 34. h4 Be8 35. Kf1 Bd7
36. Ke2 Be8 37. Kd3 e4+ 38. Kd4 exf3 39. gxf3 Rxc5 40. Rxc5 Rb5 41. a4 Rxc5 42. Bxc5
Bd7 43. a5 Bc8 44. Ba7 g5 45. Bb8 Ba6 46. Kc5 Bb5 47. Kb6 gxh4 48. a6 Bxa6 49. Kxa6
Kd7 50. Bh2 c5 51. Kb5 c4 52. Kb4 Ke6 53. e4 h3 54. Kc3 f5 55. Kd4 fxe4 56. fxe4
c3 57. exd5+ Kf5 58. Kxc3 Ke4 59. d6 Kf3 60. d7 Kg2 61. Bg3 h2 62. Bxh2 Kxh2 63.
d8=Q h4 64. Qxh4+  1-0

[Event "British Chess Championships 2023: First Rapidplay U1750"]
[Site "De Montfort University, 20 Western Boulevard, Leicester, LE2 7BU"]
[Date "2023.07.21"]
[Round "3"]
[Board "2"]
[White "Michener, Max"]
[Black "Turkoz, Dogukan Eftal"]
[Result "0-1"]
[WhiteElo "1699"]
[BlackElo "1398"]
[PlyCount "0"]
[EventDate "2023.07.21"]
[EventRounds "7"]
[EventCountry "ENG"]

1. e4 c6 2. d4 d5 3. e5 c5 4. c3 cxd4 5. cxd4 Nc6 6. Nf3 Bg4 7. Be2 Qb6 8. Be3 e6
9. Qd2 Nge7 10. Nc3 Nf5 11. Rd1 Nxe3 12. fxe3 Be7 13. O-O Rc8 14. h3 Bh5 15. a3 O-O
16. Nh2 Bg6 17. Rc1 Na5 18. Na4 Qb3 19. Nc3 Nc4 20. Bxc4 Rxc4 21. Nf3 Rfc8 22. Ne2
Rc2 23. Qd1 Qxe3+ 24. Kh1 Rxc1 25. Nxc1 h5 26. Re1 Qh6 27. Na2 Be4 28. Qa4 Bxf3 29.
gxf3 Qd2 30. Rg1 Rc2 31. Qxc2 Qxc2 32. Rg2 Qb1+ 33. Kh2 Qxa2 34. b4 Qxa3 35. f4 Qxb4
36. Rc2 Qxd4 37. Rc8+ Kh7 38. Rc7 Qxf4+ 39. Kg2 Bh4 40. Rxb7 Qxe5 41. Rxf7 Qg3+ 42.
Kf1 Qxh3+ 43. Ke2 Qg4+ 44. Kf1 Qf5+ 45. Kg2 Qxf7 46. Kh2 d4  0-1

[Event "British Chess Championships 2023: First Rapidplay U1750"]
[Site "De Montfort University, 20 Western Boulevard, Leicester, LE2 7BU"]
[Date "2023.07.21"]
[Round "3"]
[Board "3"]
[White "Rea, William"]
[Black "Day, Jonathan A"]
[Result "1/2-1/2"]
[WhiteElo "1564"]
[BlackElo "1664"]
[PlyCount "0"]
[EventDate "2023.07.21"]
[EventRounds "7"]
[EventCountry "ENG"]

1. c4 Nf6 2. Nc3 d5 3. cxd5 Nxd5 4. d4 Nc6 5. Nf3 Bg4 6. e4 Nxc3 7. bxc3 e6 8. g3
Be7 9. Bg2 O-O 10. O-O Na5 11. Qa4 Bxf3 12. Bxf3 c6 13. Bd2 b5 14. Qc2 Nc4 15. e5
Rc8 16. a4 a6 17. Be2 Qd5 18. axb5 axb5 19. Ra7 Bd8 20. Rb1 Bb6 21. Ra6 Rb8 22. Rb4
Nxd2 23. Qxd2 Bc7 24. Qd3 Qd7 25. c4 Rb6 26. Rxb6 Bxb6 27. cxb5 cxb5 28. Qe4 Rd8
29. Bxb5 Qd5 30. Qxd5 Rd7 31. Qd6 Rxd6 32. Bc6 Rd5 33. Ra4 Ba5 34. Rxa5 Rd8 35. Ra4
g6 36. Ra5 Rxd4 37. Kg2 Kg7 38. Bf3 h5 39. Kh3 g5 40. Bg2 Kg6 41. Bf1 Re4 42. Ra3
Re3 43. fxe3 Kf5 44. Bc4 Kxe5 45. Kg2 Kf5 46. Bd3+ Kf6 47. Kf3 Ke5 48. h3 f6 49.
Bg6 h4 50. gxh4 gxh4 51. Kg4 f5+ 52. Kxh4 Ke4 53. Ra4+ Ke5 54. Re4+ Kxe4 55. Bf7
e5 56. Be6 f4 57. exf4 Kxf4 58. Kh5 e4 59. Kg6 Kg3 60. Kg5 e3 61. Bc4 Kxh3  1/2-1/2

[Event "British Chess Championships 2023: First Rapidplay U1750"]
[Site "De Montfort University, 20 Western Boulevard, Leicester, LE2 7BU"]
[Date "2023.07.21"]
[Round "3"]
[Board "4"]
[White "Zhang, Lionel"]
[Black "Vadalia, Jainill"]
[Result "0-1"]
[WhiteElo "1475"]
[BlackElo "1776"]
[PlyCount "0"]
[EventDate "2023.07.21"]
[EventRounds "7"]
[EventCountry "ENG"]

1. e4 d6 2. Nf3 Nf6 3. Nc3 e5 4. Bc4 Be7 5. O-O O-O 6. h3 c6 7. d3 Nbd7 8. Bd2 b5
9. Bb3 a5 10. a3 Nc5 11. Ba2 Ba6 12. Ne2 Qb6 13. Be3 b4 14. axb4 axb4 15. Ng3 g6
16. Re1 Rfe8 17. Qd2 Bf8 18. Ng5 d5 19. exd5 cxd5 20. d4 exd4 21. Qxd4 Rxe3 22. Qxe3
Qd6 23. Qe5 Qxe5 24. Rxe5 Bc4 25. b3 Bb5 26. Ree1 Nfd7 27. Nf3 Bg7 28. Rad1 Rxa2
29. Rxd5 Bc6 30. Rdd1 Bxf3 31. gxf3 Rxc2 32. Re8+ Bf8 33. Rd4 Kg7 34. Rxb4 Rb2 35.
Re3 Nf6 36. Rd4 Nxb3 37. Rdd3 Nc5 38. Rd1 Ne6 39. Re2 Rb3 40. Re3 Rb5 41. Kh2 Be7
42. Re2 Bf8 43. Red2 Bc5 44. Re2 Rb4 45. Rd3 Nf4 46. Rdd2 Nxe2 47. Rxe2 Rf4 48. Kg2
Ra4 49. Kh2 Ra3 50. Kg2 Nd5 51. Rd2 Nf4+ 52. Kh2 Rxf3 53. Kg1 Rxg3+ 54. Kf1 Rxh3
55. Kg1 Rh5 56. Rc2 Rg5+ 57. Kf1 Nh3 58. Ke1 Bxf2+ 59. Ke2 Re5+ 60. Kf1 Bh4 61. Kg2
Re2+ 62. Rxe2 Nf4+ 63. Kf3 Nxe2 64. Kxe2 f5 65. Kf3 g5 66. Kg2 f4 67. Kf3 h5 68.
Kg2 g4 69. Kh1 Kg6 70. Kg1 Kf5 71. Kh1 g3 72. Kg1 Kg4 73. Kh1 Kh3 74. Kg1 Bd8 75.
Kh1 g2+ 76. Kg1 Bb6#  0-1

[Event "British Chess Championships 2023: First Rapidplay U1750"]
[Site "De Montfort University, 20 Western Boulevard, Leicester, LE2 7BU"]
[Date "2023.07.21"]
[Round "3"]
[Board "5"]
[White "Hankey, Chris P"]
[Black "Ba, Amy"]
[Result "0-1"]
[WhiteElo "1680"]
[BlackElo "1403"]
[PlyCount "0"]
[EventDate "2023.07.21"]
[EventRounds "7"]
[EventCountry "ENG"]

1. d4 Nf6 2. c4 e6 3. Nc3 d5 4. Bg5 Bb4 5. Bxf6 Qxf6 6. Nf3 dxc4 7. Qa4+ Nc6 8. e3
Bxc3+ 9. bxc3 Bd7 10. Qxc4 O-O 11. Be2 a6 12. O-O b5 13. Qd3 Rfd8 14. e4 e5 15. Qe3
Bg4 16. dxe5 Nxe5 17. Nxe5 Bxe2 18. Qxe2 Qxe5 19. Rac1 h6 20. f4 Qc5+ 21. Kh1 Re8
22. Qf3 Rad8 23. f5 Qe5 24. Rce1 Re7 25. Qg4 Qf6 26. Qg3 Rde8 27. Re2 Rxe4 28. Rxe4
Rxe4  0-1

[Event "British Chess Championships 2023: First Rapidplay U1750"]
[Site "De Montfort University, 20 Western Boulevard, Leicester, LE2 7BU"]
[Date "2023.07.21"]
[Round "3"]
[Board "6"]
[White "Halford-Maw, Samuel"]
[Black "Tomlinson, Zak"]
[Result "0-1"]
[WhiteElo "1498"]
[BlackElo "1724"]
[PlyCount "0"]
[EventDate "2023.07.21"]
[EventRounds "7"]
[EventCountry "ENG"]

1. e4 e5 2. Nf3 Nc6 3. Nc3 Nf6 4. d4 exd4 5. Nxd4 Bb4 6. Nxc6 Bxc3+ 7. bxc3 dxc6
8. Qxd8+ Kxd8 9. Bg5 Ke8 10. Bc4 Nxe4 11. Bf4 Nd6 12. Bb3 Be6 13. O-O-O Rd8 14. Rhe1
Kd7 15. Be5 Bxb3 16. cxb3 f6 17. Bd4 b6 18. Rd2 Kc8 19. Red1 Nb5 20. c4 Nxd4 21.
Rxd4 Rxd4 22. Rxd4 Re8 23. Kd2 Rd8 24. Rxd8+ Kxd8 25. Ke3 Ke7 26. f4 Kd6 27. Kd4
f5 28. c5+ bxc5+ 29. Kc4 a5 30. a4 Ke6 31. Kxc5 Kd7 32. b4 axb4 33. Kxb4 Kd6 34.
a5 c5+ 35. Kb5 c4 36. Kxc4 Kc6 37. a6 Kb6 38. Kd5 Kxa6 39. Kc6 Ka5 40. Kxc7 Kb5 41.
Kd6 Kc4 42. Ke5 Kd3 43. Kxf5 Ke3 44. g4 Kf3 45. h4 Kg3 46. Kg5 h6+ 47. Kg6 Kxf4 48.
h5 Kxg4 49. Kxg7 Kxh5 50. Kf6 Kg4 51. Ke5 h5 52. Ke4 h4 53. Ke3 Kg3 54. Ke2 Kg2 55.
Ke1 h3  0-1

[Event "British Chess Championships 2023: First Rapidplay U1750"]
[Site "De Montfort University, 20 Western Boulevard, Leicester, LE2 7BU"]
[Date "2023.07.21"]
[Round "3"]
[Board "7"]
[White "Stokes, Richard"]
[Black "Seet, Joshua"]
[Result "1-0"]
[WhiteElo "1700"]
[BlackElo "1614"]
[PlyCount "0"]
[EventDate "2023.07.21"]
[EventRounds "7"]
[EventCountry "ENG"]

1. e4 c6 2. d4 d5 3. f3 dxe4 4. fxe4 e5 5. Nf3 exd4 6. Bc4 Nf6 7. O-O Bc5 8. Bg5
Qb6 9. Qd3 Ng4 10. h3 Ne3 11. Bxf7+ Kxf7 12. Ne5+ Ke6 13. Nc4 Nxc4 14. Qxc4+ Ke5
15. Bf4+ Kf6 16. Bc7+ Kg6 17. Bxb6 Bxb6 18. Nd2 Re8 19. Qf7+ Kh6 20. Qxe8 Bd7 21.
Qe5 Na6 22. Qd6+ g6 23. Qxd7 d3+ 24. Kh1 dxc2 25. Rac1 Rd8 26. Qg4 Rd4 27. Rxc2 Nb4
28. Rf7 Bd8 29. Qf4+ Bg5 30. Rxh7+ Kxh7 31. Qxg5 Nxc2 32. Nf3 Rxe4 33. Nh4 Re6 34.
Qd2 Re4 35. Qd7+ Kh6 36. Nf3 Nb4 37. a3 Nd5 38. Qxb7 Re2 39. Qxc6 Nf4 40. Qc1 g5
41. Qc6+ Ng6 42. g4 Kg7 43. Nxg5 Ne5 44. Qc3 Kf6 45. Nf3 Re4 46. Nxe5 Rxe5 47. Qc7
Re7 48. Qf4+ Kg6 49. h4 Re1+ 50. Kg2 Re2+ 51. Kf3 Rxb2 52. h5+ Kh7 53. Qf5+ Kg8 54.
Qe6+ Kh7 55. Qf7+ Kh6 56. Qf6+ Kh7 57. Qxb2 a5 58. Qb5 a4 59. Qxa4 Kh6 60. Qb5 Kg7
61. a4 Kf6 62. a5 Ke7 63. a6 Kd8 64. a7 Ke7 65. a8=Q Kf6 66. Qaa6+ Kg7 67. Qbb7+
 1-0

[Event "British Chess Championships 2023: First Rapidplay U1750"]
[Site "De Montfort University, 20 Western Boulevard, Leicester, LE2 7BU"]
[Date "2023.07.21"]
[Round "3"]
[Board "8"]
[White "Jones, Dixon H"]
[Black "Godwin, Charles"]
[Result "0-1"]
[WhiteElo "1688"]
[BlackElo "1567"]
[PlyCount "0"]
[EventDate "2023.07.21"]
[EventRounds "7"]
[EventCountry "ENG"]

1. d4 d5 2. c4 c6 3. cxd5 cxd5 4. Nc3 Nf6 5. Nf3 Nc6 6. Bg5 Bf5 7. e3 e6 8. Bb5 a6
9. Ba4 b5 10. Bc2 Bxc2 11. Qxc2 Be7 12. Bxf6 Bxf6 13. Nxb5 Rc8 14. Nc3 O-O 15. O-O
e5 16. dxe5 Nxe5 17. Nd4 Nc6 18. Rad1 Nxd4 19. exd4 Re8 20. Qa4 Qd6 21. Rfe1 Rxe1+
22. Rxe1 g6 23. b3 Rxc3 24. Rd1 Qc6 25. Qa3 Bxd4 26. Re1 Rc2 27. Rf1 Qb6 28. Qe7
Bxf2+ 29. Kh1 Qd4 30. Qd7 Rxa2 31. b4 Ra1 32. Qc8+ Kg7 33. Rc1 Qd1+  0-1

[Event "British Chess Championships 2023: First Rapidplay U1750"]
[Site "De Montfort University, 20 Western Boulevard, Leicester, LE2 7BU"]
[Date "2023.07.21"]
[Round "3"]
[Board "9"]
[White "Harrison, Oliver"]
[Black "Halford-Maw, Oliver"]
[Result "1-0"]
[WhiteElo "1648"]
[BlackElo "1498"]
[PlyCount "0"]
[EventDate "2023.07.21"]
[EventRounds "7"]
[EventCountry "ENG"]

1. e4 e5 2. Nf3 Nc6 3. Bc4 Nf6 4. Ng5 d5 5. exd5 Na5 6. Bb5+ c6 7. dxc6 bxc6 8. Qf3
Be7 9. O-O h6 10. Ne4 Bd7 11. Bd3 O-O 12. a3 Qc8 13. h3 c5 14. Nxf6+ Bxf6 15. Nc3
Re8 16. b4 cxb4 17. axb4 Nc6 18. Be4 Nd4 19. Qd3 Bc6 20. Bxc6 Qxc6 21. Ra6 Qb7 22.
b5 Rad8 23. Qg3 Rc8 24. Re1 Re6 25. Rxe6 Nxe6 26. Ne4 Qe7 27. Ba3 Qd8 28. Nxf6+ Qxf6
29. c3 Nf4 30. Qe3 Rd8 31. Bb4 Nd3 32. Re2 Nxb4 33. cxb4 Rb8 34. Qxe5 Qxe5 35. Rxe5
f6 36. Rc5 Kf8 37. d4 Rb7 38. Kf1 Ke7 39. Ke2 Kd6 40. Kd3 a6 41. Rc6+ Kd5 42. Rxa6
Rxb5 43. Ra5 Rxa5 44. bxa5 Kc6 45. Kc4  1-0

[Event "British Chess Championships 2023: First Rapidplay U1750"]
[Site "De Montfort University, 20 Western Boulevard, Leicester, LE2 7BU"]
[Date "2023.07.21"]
[Round "3"]
[Board "10"]
[White "Munshi, Aryan"]
[Black "Shiva, Shrishti"]
[Result "1-0"]
[WhiteElo "1643"]
[BlackElo "1442"]
[PlyCount "0"]
[EventDate "2023.07.21"]
[EventRounds "7"]
[EventCountry "ENG"]

1. d4 d5 2. c4 c6 3. cxd5 cxd5 4. Nc3 Nf6 5. Bf4 a6 6. e3 Nc6 7. Bd3 Bd7 8. Nf3 Nb4
9. O-O Nxd3 10. Qxd3 Bg4 11. Ne5 e6 12. Rac1 Bf5 13. Qd2 Bd6 14. f3 O-O 15. Bg5 Be7
16. Na4 Rb8 17. Nc5 Re8 18. a3 h6 19. Bh4 Qd6 20. Bg3 Qd8 21. Rc3 Bxc5 22. Rxc5 Rc8
23. Rfc1 Rxc5 24. Rxc5 Nd7 25. Nxd7 Qxd7 26. Qc3 Qa4 27. Kf2 Qd1 28. Qc1 Qxc1 29.
Rxc1 Re7 30. Rc8+ Kh7 31. Rc3 Bb1 32. b3 Bf5 33. Ke2 Rd7 34. Be1 f6 35. Bg3 Bg6 36.
Rc5 Bf5 37. Kd2 Kg6 38. Kc3 Kf7 39. Kb4 Bd3 40. a4 Bf1 41. Rc2 Ke7 42. Kc5 Bd3 43.
Rc1 e5 44. Kb6 e4 45. Bc7 exf3 46. gxf3 Ke6 47. Kxb7 Be2 48. b4 Bc4 49. Kc6 f5 50.
b5 axb5 51. axb5 Rxc7+ 52. Kxc7 Bxb5 53. f4 g5 54. Rg1 g4 55. Rb1 Bd3 56. Rb6+ Kf7
57. Rxh6 Be4 58. Rd6 Ke7 59. Kc6 Bf3 60. Kc5 Be4 61. Rxd5 Bxd5 62. Kxd5 Kf6 63. Kc6
Ke7 64. d5 Kf6 65. Kc7 Kg6 66. d6 Kh5 67. d7 Kh4 68. d8=Q+ Kh3 69. Qh8+ Kg2 70. Qh4
Kf3 71. Qg3+ Ke4 72. Kd6 Kd3 73. Ke5 Ke2 74. Kxf5 Kf1 75. Kxg4 Ke2 76. e4 Kf1 77.
Qa3 Ke1 78. Kf3 Kd1 79. Qb2 Ke1 80. Qe2#  1-0

[Event "British Chess Championships 2023: First Rapidplay U1750"]
[Site "De Montfort University, 20 Western Boulevard, Leicester, LE2 7BU"]
[Date "2023.07.21"]
[Round "3"]
[Board "11"]
[White "Chedd, Neil"]
[Black "Edgar, Barry"]
[Result "1/2-1/2"]
[WhiteElo "1651"]
[BlackElo "1696"]
[PlyCount "0"]
[EventDate "2023.07.21"]
[EventRounds "7"]
[EventCountry "ENG"]

1. d4 Nf6 2. e3 d5 3. Bd3 g6 4. Nf3 Bg7 5. O-O O-O 6. Ne5 Nbd7 7. f4 c5 8. c3 Nxe5
9. fxe5 Nd7 10. Nd2 e6 11. Nf3 f5 12. Bd2 c4 13. Bc2 b5 14. b3 Rb8 15. Qe2 Qc7 16.
b4 a5 17. a3 a4 18. h3 Nb6 19. Rf2 Qe7 20. Raf1 Bd7 21. Nh2 h6 22. Kh1 Kh7 23. Rg1
Be8 24. g4 fxg4 25. Rxf8 Bxf8 26. Nxg4 Bg7 27. Qf3 Nd7 28. e4 dxe4 29. Bxe4 Nf8 30.
Rf1 Qh4 31. Kh2 Kg8 32. Qf4 g5 33. Qf3 Bh5 34. Qg3 Qxg3+ 35. Kxg3 Bg6 36. Bc6 Bf5
37. Bf3 Ng6 38. Re1 Nh4 39. Be4 Bxe4 40. Rxe4 Rf8 41. Re3  1/2-1/2

[Event "British Chess Championships 2023: First Rapidplay U1750"]
[Site "De Montfort University, 20 Western Boulevard, Leicester, LE2 7BU"]
[Date "2023.07.21"]
[Round "3"]
[Board "12"]
[White "Karia, Kamlesh"]
[Black "Edwards, Rhys"]
[Result "1-0"]
[WhiteElo "1543"]
[BlackElo "1680"]
[PlyCount "0"]
[EventDate "2023.07.21"]
[EventRounds "7"]
[EventCountry "ENG"]

1. e4 e5 2. Nf3 Nc6 3. d4 exd4 4. Bc4 Nf6 5. O-O Nxe4 6. Re1 d5 7. Bxd5 Qxd5 8. Nc3
Qd7 9. Nxe4 Be7 10. Bg5 f6 11. Bxf6 O-O 12. Bxe7 Qxe7 13. Nxd4 Bd7 14. c3 Rad8 15.
Qb3+ Qf7 16. Qxf7+ Rxf7 17. Rad1 Rff8 18. Nc5 Nxd4 19. Rxd4 Rfe8 20. Red1 Re2 21.
Nxd7 Rde8 22. g3 Rxb2 23. R4d2 Re2 24. Rxb2 Rxb2 25. Ne5 h6 26. Rd7 Rxa2 27. Rxc7
b5 28. Nd3 a5 29. Rc5 Ra1+ 30. Kg2 Rb1 31. c4 bxc4 32. Rxc4 Ra1 33. Rc1 Ra3 34. Nc5
Kf7 35. Rc4 Ke7 36. Ra4 Rxa4 37. Nxa4 Kd6 38. Kf3 Kc6 39. Ke2 Kb5 40. Nc3+ Kb4 41.
Kd2 g5 42. f4 a4 43. Nxa4 Kxa4 44. f5 Kb5 45. f6  1-0

[Event "British Chess Championships 2023: First Rapidplay U1750"]
[Site "De Montfort University, 20 Western Boulevard, Leicester, LE2 7BU"]
[Date "2023.07.21"]
[Round "3"]
[Board "13"]
[White "Szwajkun, Richard"]
[Black "Al Dakl Alla, Humam"]
[Result "1-0"]
[WhiteElo "1747"]
[BlackElo "1464"]
[PlyCount "0"]
[EventDate "2023.07.21"]
[EventRounds "7"]
[EventCountry "ENG"]

1. d4 Nf6 2. Nf3 e6 3. Bg5 c5 4. c3 cxd4 5. cxd4 b6 6. g3 Bb7 7. Bg2 Bb4+ 8. Nc3
h6 9. Bxf6 Qxf6 10. e3 d5 11. O-O O-O 12. Rc1 Nc6 13. a3 Be7 14. b4 Rac8 15. Qd2
Rfd8 16. Ne2 e5 17. dxe5 Nxe5 18. Nxe5 Qxe5 19. Nf4 Ba6 20. Rxc8 Rxc8 21. Rd1 Bf8
22. Bxd5 Bb5 23. Qa2 Qf6 24. Bg2 Bc6 25. Rc1 Bxg2 26. Rxc8 Bb7 27. Rc7 Bc6 28. Nd5
Qd6 29. Rxc6 Qxc6 30. Nf4 Qc1+ 31. Kg2 Qc6+ 32. Qd5 Qxd5+ 33. Nxd5 g5 34. g4 Bg7
35. Ne7+ Kh7 36. Nc8 Bb2 37. a4 Ba3 38. b5 Kg8 39. Nxa7 Kf8 40. Nc6 Ke8 41. Kf3 Kd7
42. Ke4 f6 43. Kd5 Bd6 44. h3 Bc7 45. f3 Ke8 46. e4 Kd7 47. Nd4 Ke8 48. Nf5 Kf7 49.
Nxh6+ Kg7 50. Nf5+ Kf7 51. Kc6 Bd8 52. Nd6+ Ke6 53. Nc4 Ke7 54. Nxb6 Ke6 55. Nc4
Ke7 56. a5 Bxa5 57. Nxa5 Kd8 58. b6 Kc8 59. b7+ Kb8 60. Kb6 f5 61. Nc6#  1-0

[Event "British Chess Championships 2023: First Rapidplay U1750"]
[Site "De Montfort University, 20 Western Boulevard, Leicester, LE2 7BU"]
[Date "2023.07.21"]
[Round "3"]
[Board "14"]
[White "Riggs, Samuel"]
[Black "Boztas, Lana"]
[Result "1-0"]
[WhiteElo "1425"]
[BlackElo "1486"]
[PlyCount "0"]
[EventDate "2023.07.21"]
[EventRounds "7"]
[EventCountry "ENG"]

1. e4 c5 2. Nf3 Nc6 3. Bb5 Nd4 4. Nxd4 cxd4 5. Be2 d6 6. c3 dxc3 7. Nxc3 g6 8. d4
Nf6 9. O-O Bg7 10. e5 dxe5 11. dxe5 Qxd1 12. Rxd1 Ng4 13. Bb5+ Bd7 14. Bxd7+ Kf8
15. Bxg4 Bxe5 16. Bh6+ Ke8 17. Bd7+ Kd8 18. Rac1 Bd6 19. Ba4 a6 20. Ne4 Rc8 21. Rxc8+
Kxc8 22. Nxd6+ exd6 23. Rxd6 Kc7 24. Rd7+ Kb6 25. Be3+ Ka5 26. Bb3 f5 27. Rxb7 Rd8
28. Bb6+  1-0

[Event "British Chess Championships 2023: First Rapidplay U1750"]
[Site "De Montfort University, 20 Western Boulevard, Leicester, LE2 7BU"]
[Date "2023.07.21"]
[Round "4"]
[Board "1"]
[White "Turkoz, Dogukan Eftal"]
[Black "Mehrgan, Mehrsam"]
[Result "1-0"]
[WhiteElo "1398"]
[BlackElo "1659"]
[PlyCount "0"]
[EventDate "2023.07.21"]
[EventRounds "7"]
[EventCountry "ENG"]

1. e4 c6 2. d4 d5 3. Nc3 g6 4. f3 Bg7 5. Be3 e6 6. Qd2 Ne7 7. Nge2 h6 8. O-O-O Nd7
9. h4 b6 10. h5 g5 11. f4 gxf4 12. Nxf4 Nf6 13. exd5 Nexd5 14. Nfxd5 cxd5 15. Bd3
Bd7 16. Rde1 a6 17. Bf4 Ke7 18. Be5 b5 19. Bxf6+ Bxf6 20. Nxd5+ Ke8 21. Nxf6+ Qxf6
22. Rhf1 Qg7 23. d5 Ke7 24. d6+ Ke8 25. Kb1 Bc6 26. Be4 Rc8 27. d7+ Bxd7 28. Rd1
f5 29. Bb7 Rb8 30. Bxa6 Rb6 31. Bc8 Bxc8 32. Qd8+ Kf7 33. Qxb6 Qxg2 34. Qc7+ Kf6
35. Qc3+ e5 36. Rd6+ Be6 37. Rfd1 Rg8 38. b3 f4 39. Qd3 f3 40. Qh7 Qg5 41. Rxe6+
Kxe6 42. Qd7+ Kf6 43. Rd6#  1-0